Geography Quiz

Random Geography or City Quiz

Ge-O-graphy Grab Bag Quiz Stats

 Plays Quiz Updated Apr 18, 2018

Also try: Geography Grab Bag
Challenge
Share
Tweet
Embed
Score 0/40 Timer 10:00
0 Plays Today
Location % Correct
Oman
84.3%
Oxford
80.8%
Outback
79.5%
Olympus
79.1%
Oakland
78.5%
Oahu
76.5%
Orange County
76.4%
Ottoman Empire
75.5%
Orient
74.1%
Old Faithful
73.5%
Ottawa, Canada
72.8%
Osaka
69.9%
Odessa
65.6%
Okinawa
62.6%
Olympia, WA
59.4%
Orleans
58.4%
Ozarks
57.2%
Oshkosh
56.7%
Oceania
54.9%
Omaha Beach
54%
Location % Correct
Oslo
51.5%
Orinoco
44.3%
Oaxaca
44%
Ouagadougou
43.7%
Oregon Trail
43.3%
Oran
42.8%
Orkneys
40%
Österreich
38%
Outer Banks
38%
Oberlin
33.7%
Oder
30.9%
Odense
29.8%
Ossetia
28.6%
Okefenokee Swamp
25%
Orem
23.9%
Omsk
22.8%
Oak Park
22.6%
Oak Ridge
22.6%
Oranjestad
19.7%
Olkhon
2.9%

You're not logged in!

Compare scores with friends on all Sporcle quizzes.
Join for Free
OR
Log In

You Might Also Like...

Show Comments

Extras

Top Quizzes Today


Score Distribution

Your Account Isn't Verified!

In order to create a playlist on Sporcle, you need to verify the email address you used during registration. Go to your Sporcle Settings to finish the process.

Report this User

Report this user for behavior that violates our Community Guidelines.

Details: